01018nam a2200217 i 4500001000700000003000900007005001700016008004100033040003000074100004800104245009800152250001800250260004400268300004000312490006600352594010300418830007400521852006000595999001900655952012600674168078ES-MaACL20230906213657.0030808s1866 gw |||| | eng d aCCPB | B bspa cCCPB | B1 aYonge, Charlotte Mary (d1823-1901)913399314aThe dove in the eagle's nest b: in two volumes / cby the author of "The heir of Redclyffe". aCopyright ed. aLeipzig : bBernhard Tauchnitz, c1866. a2 v. (XVI, 261 ; 250 p.) ; c16 cm.1 aCollections of British authors. Tauchnitz edition ; v834-835 aSegún la Enciclopedia Universal Ilustrada Espasa la autora de esta obra es Charlotte Mary Yonge.0 aCollections of British authors. Tauchnitz edition ; v834-8359222672 aES-MaACLjG-12833 z-- Enc. hol. z-- Enc. 2 t. en 1 v. c168078d168078 001040708LIBXIXaATENEOMbATENEOMcSPP3d2008-01-17eSSCl0oG-12833p1176333r2023-02-23 00:00:00w2023-02-23yMONANT